Role of hydroxylamine intermediates in the phytotransformation of 2,4,6-trinitrotoluene by myriophyllum aquaticum /
Guardat en:
| Altres autors: | , , , |
|---|---|
| Format: | Article |
| Idioma: | English |
| Matèries: | |
| Etiquetes: |
Afegir etiqueta
Sense etiquetes, Sigues el primer a etiquetar aquest registre!
|
| Thư viện lưu trữ: | Thư viện Trường Đại học Đà Lạt |
|---|
| LEADER | 01070nam a2200349 4500 | ||
|---|---|---|---|
| 001 | DLU090093948 | ||
| 005 | ##20091201 | ||
| 040 | # | # | |a DLU |b eng |
| 041 | # | # | |a eng |
| 044 | # | # | |a us |
| 245 | # | # | |a Role of hydroxylamine intermediates in the phytotransformation of 2,4,6-trinitrotoluene by myriophyllum aquaticum / |c Chuanyue Wang ... [et al.]. |
| 653 | # | # | |a Aquatic plant |
| 653 | # | # | |a Bioremediation |
| 653 | # | # | |a Decontamination |
| 653 | # | # | |a Metabolite |
| 653 | # | # | |a Phytoremediation |
| 653 | # | # | |a Reaction mechanism |
| 653 | # | # | |a Water pollution |
| 700 | # | # | |a Bennett, George N. |
| 700 | # | # | |a Hughes, Joseph B. |
| 700 | # | # | |a Lyon, Delina Y. |
| 700 | # | # | |a Wang, Chuanyue.. |
| 773 | # | # | |t Environmental Science & Technology |g Vol. 37, no. 16 (August 2003), p. 3595-3600 |
| 920 | # | # | |a Phòng Tạp chí -- Trung tâm Thông tin - Thư viện Trường Đại học Đà Lạt |
| 994 | # | # | |a DLU |
| 900 | # | # | |a True |
| 911 | # | # | |a Trương Bảo Trâm Anh |
| 925 | # | # | |a G |
| 926 | # | # | |a A |
| 927 | # | # | |a BB |
| 980 | # | # | |a Thư viện Trường Đại học Đà Lạt |